<?xml version="1.0" encoding="UTF-8"?>
<record
    xmlns:xsi="http://www.w3.org/2001/XMLSchema-instance"
    xsi:schemaLocation="http://www.loc.gov/MARC21/slim http://www.loc.gov/standards/marcxml/schema/MARC21slim.xsd"
    xmlns="http://www.loc.gov/MARC21/slim">

  <leader>01271nam a2200193 a 4500</leader>
  <controlfield tag="008">180918e2014    sp  |||g||||| 001 1 spa d</controlfield>
  <datafield tag="020" ind1=" " ind2=" ">
    <subfield code="a">9788498382921</subfield>
  </datafield>
  <datafield tag="041" ind1=" " ind2=" ">
    <subfield code="a">spa</subfield>
  </datafield>
  <datafield tag="092" ind1=" " ind2=" ">
    <subfield code="c">808</subfield>
    <subfield code="l">74</subfield>
    <subfield code="s">RIO</subfield>
  </datafield>
  <datafield tag="100" ind1="1" ind2=" ">
    <subfield code="a">Riordan, Rick</subfield>
    <subfield code="9">4305</subfield>
  </datafield>
  <datafield tag="245" ind1=" " ind2="3">
    <subfield code="a">La maldici&#xF3;n del tit&#xE1;n.</subfield>
    <subfield code="b">Percy Jackson y los dioses del Olimpo III /</subfield>
    <subfield code="c">Rick Riordan</subfield>
  </datafield>
  <datafield tag="250" ind1=" " ind2=" ">
    <subfield code="a">4a ed.</subfield>
    <subfield code="b">Traducci&#xF3;n Santiago del Rey</subfield>
  </datafield>
  <datafield tag="260" ind1=" " ind2=" ">
    <subfield code="a">Barcelona:</subfield>
    <subfield code="b">Salamandra;</subfield>
    <subfield code="c">2014.</subfield>
  </datafield>
  <datafield tag="300" ind1=" " ind2=" ">
    <subfield code="a">280 p.</subfield>
  </datafield>
  <datafield tag="500" ind1=" " ind2=" ">
    <subfield code="a">Riordan, R.(2014). La maldici&#xF3;n del tit&#xE1;n. (4a ed.). Barcelona : Salamandra.</subfield>
  </datafield>
  <datafield tag="505" ind1=" " ind2=" ">
    <subfield code="a">Ante la llamado de socorro de su amigo el s&#xE1;tiro Grover, Percy acude inmediatamente en su auxilio. Y aunque va acompa&#xF1;ado de Annabeth y Thalia, las dos semidiosas que son sus aliadas, ninguno imagina la sorpresa que los aguarda: una terrible mant&#xED;cora pretende secuestrarlos y llevarlos ante el general enviado por Cronos, el diab&#xF3;lico se&#xF1;or de los titanes. Sin embargo, gracias a la ayuda de las cazadoras de Artemisa, Percy y sus aliadas logran escapar y volver al campamento mestizo. Una vez all&#xED;, emprender&#xE1;n la b&#xFA;squeda del monstruo que puede provocar la destrucci&#xF3;n del Olimpo, s&#xF3;lo uno de ellos lograr&#xE1; resistir la maldici&#xF3;n del tit&#xE1;n. </subfield>
  </datafield>
  <datafield tag="655" ind1=" " ind2=" ">
    <subfield code="a">Literatura</subfield>
    <subfield code="9">2917</subfield>
  </datafield>
  <datafield tag="942" ind1=" " ind2=" ">
    <subfield code="2">ddc</subfield>
    <subfield code="c">LIT</subfield>
  </datafield>
  <datafield tag="999" ind1=" " ind2=" ">
    <subfield code="c">3255</subfield>
    <subfield code="d">3255</subfield>
  </datafield>
  <datafield tag="952" ind1=" " ind2=" ">
    <subfield code="0">0</subfield>
    <subfield code="1">0</subfield>
    <subfield code="2">ddc</subfield>
    <subfield code="4">0</subfield>
    <subfield code="7">0</subfield>
    <subfield code="a">BFM</subfield>
    <subfield code="b">BFM</subfield>
    <subfield code="c">CR</subfield>
    <subfield code="d">2025-04-23</subfield>
    <subfield code="e">Donaci&#xF3;n Abril 2025. Chiara Montenegro</subfield>
    <subfield code="l">0</subfield>
    <subfield code="o">808 74 RIO</subfield>
    <subfield code="p">5012</subfield>
    <subfield code="r">2025-04-24</subfield>
    <subfield code="t">Ej.1</subfield>
    <subfield code="w">2025-04-24</subfield>
    <subfield code="y">LIT</subfield>
    <subfield code="z">Donaci&#xF3;n Abril 2025. Chiara Montenegro. Sede Tordos.</subfield>
    <subfield code="f"></subfield>
  </datafield>
</record>
